000 00867nam a2200253Ia 4500
003 OSt
005 20221005103856.0
006 a|||||r|||| 00| 0
007 ta
008 221004b |||||||| |||| 00| 0 hin d
020 _a9788125041849 (hbk)
024 _a20693
037 _bGift, 03/07/2015,
_cTextual
040 _aCRL
_cCRL
_bhin
041 _2hin
_ahin
082 _aW.2, 152Q1
100 _aचौधरी, बासुकी नाथ
245 0 _aभारतीय शासन और राजनीति
246 _aBhāratīya shāsan aur rājanīti
260 _aदिल्ली
_bओरियंट ब्लैकस्वॉन भारत
_c2011
300 _a568पृ0
_ccm.
942 _hW.2, 152Q1
_cTEXL
_2cc
999 _c1011140
_d1011140